| 000 | 00793cam a2200241 a 4500 | ||
|---|---|---|---|
| 001 | 000019763 | ||
| 005 | 20200929170130.0 | ||
| 008 | 820312s1951 sp 000 f spa d | ||
| 040 |
_aDO-SdBNP _bspa _cLC _dBNPHU |
||
| 082 |
_a863.6 _bL579d, 1951 |
||
| 100 | 0 |
_aLeón, Ricardo. _d1877-1943. _941659 |
|
| 245 | 1 | 0 |
_aDesperta ferro! / _cRicardo León. |
| 250 | _a2a ed. | ||
| 260 |
_aBuenos Aires : _bEspasa-Calpe , _c1951. |
||
| 300 |
_a148, [11] p. ; _c18 cm. |
||
| 490 | 1 |
_aAustral. Azul: novelas y cuentos en general _v391 |
|
| 500 | _aIncluye índice de autores. | ||
| 650 | 4 |
_aNovela española _91123 |
|
| 650 | 4 |
_aLiteratura española _ySIGLO XX _93326 |
|
| 830 | 0 |
_aAustral ; _pAzul: novelas y cuentos en general. _v391 _922386 |
|
| 910 | _aCatalogación derivada / LC | ||
| 049 | _aBNGR | ||
| 999 |
_c19277 _d19277 |
||